000 00514nam a2200145 a 4500
008 120416s1968 ||||||||||||||||| || u
020 _a0261620452
050 _aHB 97.5 Mar
100 _aHorowitz, David
245 1 0 _aMarx and modern economics
_cedited by David Horowitz
260 _aLondon
_bMacGibbon & Kee
_c1968
300 _a380p.
350 _a0.00
995 _D0.00
_FCBU-MAIN LIBRARY (Kitwe)
_H1
_I7.00
_M1
_UAVAILABLE
_ZMain Library Open Access Collection
999 _c50546
_d50546